| 000 | 00735nam a2200205Ii 4500 | ||
|---|---|---|---|
| 003 | JO-AjNU | ||
| 008 | 230605s9999||||xx |||||||||||||| ||und|| | ||
| 017 | _a1971/6268 | ||
| 040 |
_aJO-AjNU _bara _erda _cJO-AjNU |
||
| 041 | _aara | ||
| 050 | 1 | 4 | _aBF173.O912.1972 |
| 100 | 3 |
_aاوسبورن، روبن، ترجمة الشرقاوي، سعاد؛ مراجعة وتقديم زيور،مصطفى, _eauthor _939995 |
|
| 245 | 0 | 0 | _aالماركسية والتحليل النفسي |
| 264 | 3 | 1 | _aالقاهرة:دار المعارف بمصر ،1972 |
| 300 | _a164ص | ||
| 336 |
_atext _btxt _2rdacontent |
||
| 337 |
_aunmediated _bn _2rdamedia |
||
| 338 |
_avolume _bnc _2rdacarrier |
||
| 650 | 4 |
_aتحليل نفسي-شيوعية _939996 |
|
| 999 |
_aA16937 _c20505 _d20505 |
||